[Event "25. Copenhagen Open  (Politiken Cup)"]
[Site "Copenhagen"]
[Date "2003.07.17"]
[Round "4"]
[White "Nielsen, Erik"]
[Black "Larsen, Ulrik"]
[Result "0-1"]
[WhiteElo "1389"]
[BlackElo "1951"]
[PlyCount "84"]
[EventDate "2003.07.14"]
[EventType "swiss"]
[EventRounds "11"]
[EventCountry "DEN"]
[SourceDate "2004.01.01"]

1. f4 c5 2. e4 d5 3. exd5 Nf6 4. c4 e6 5. dxe6 Bxe6 6. Nc3 Nc6 7. Nf3 Be7 8.
Be2 O-O 9. O-O Qd7 10. Kh1 Rad8 11. b3 Qc8 12. a3 Ng4 13. Qe1 Bf6 14. Bb2 Nh6
15. Rd1 Nf5 16. Qf2 b6 17. Na4 Bxb2 18. Nxb2 Nfd4 19. Nxd4 Nxd4 20. b4 Nxe2 21.
f5 Nd4 22. fxe6 Qxe6 23. Rde1 Qd6 24. bxc5 Qxc5 25. a4 Qa3 26. d3 Ne6 27. Ra1
Qb4 28. Rfd1 Nd4 29. h3 Qd6 30. a5 Nb3 31. Ra2 Nxa5 32. c5 Qd5 33. Raa1 Qd4 34.
Qxd4 Rxd4 35. cxb6 axb6 36. Rdb1 Nb3 37. Ra3 Nc5 38. Kg1 Rfd8 39. Rc1 h5 40.
Rd1 h4 41. Kf1 Rb4 42. Nc4 Rxc4 0-1

[Event "25. Copenhagen Open  (Politiken Cup)"]
[Site "Copenhagen"]
[Date "2003.07.17"]
[Round "4"]
[White "Nielsen, Jens Holm"]
[Black "Hansen, Jens Martin"]
[Result "0-1"]
[WhiteElo "2102"]
[BlackElo "1731"]
[PlyCount "120"]
[EventDate "2003.07.14"]
[EventType "swiss"]
[EventRounds "11"]
[EventCountry "DEN"]
[SourceDate "2004.01.01"]

1. e4 c6 2. Nc3 d5 3. Qf3 dxe4 4. Nxe4 Nd7 5. d4 Ngf6 6. Bc4 Nb6 7. Nxf6+ exf6
8. Qe2+ Be7 9. Be3 Nxc4 10. Qxc4 Be6 11. Qd3 O-O 12. Ne2 Qa5+ 13. Bd2 Qf5 14.
Qxf5 Bxf5 15. Rc1 Rfe8 16. Be3 Rad8 17. O-O Bd6 18. Rfd1 Bg4 19. Rd2 Bc7 20. h3
Bc8 21. Nf4 Bxf4 22. Bxf4 Re4 23. Be3 a6 24. c4 h6 25. d5 cxd5 26. Rxd5 Rde8
27. Rd4 Rxd4 28. Bxd4 Bd7 29. Kf1 Bc6 30. f3 f5 31. Kf2 f6 32. Re1 Rxe1 33.
Kxe1 Kf7 34. Kd2 g5 35. Kc3 g4 36. Kb4 gxh3 37. gxh3 Bxf3 38. Kc5 Ke6 39. b4 h5
40. h4 f4 41. a4 Be4 42. b5 axb5 43. axb5 f3 44. Bf2 Ke5 45. Bg3+ Kf5 46. Kd4
Kg4 47. Be1 f5 48. c5 Kh3 49. Bf2 Kg2 50. Ke3 Bd5 51. Be1 Bc4 52. c6 bxc6 53.
bxc6 Be6 54. Kf4 f2 55. Bxf2 Kxf2 56. Kg5 Kg3 57. Kxh5 f4 58. Kg5 f3 59. h5 f2
60. h6 f1=Q 0-1

[Event "25. Copenhagen Open  (Politiken Cup)"]
[Site "Copenhagen"]
[Date "2003.07.17"]
[Round "4"]
[White "Nielsen, Peter Heine"]
[Black "Michelakis, George"]
[Result "1-0"]
[WhiteElo "2636"]
[BlackElo "2405"]
[PlyCount "47"]
[EventDate "2003.07.14"]
[EventType "swiss"]
[EventRounds "11"]
[EventCountry "DEN"]
[SourceDate "2004.01.01"]

1. d4 Nf6 2. c4 g6 3. Nc3 Bg7 4. e4 d6 5. Nf3 O-O 6. h3 Na6 7. Bg5 Qe8 8. g4 c5
9. Bg2 h5 10. Bxf6 exf6 11. gxh5 f5 12. hxg6 fxe4 13. Ng5 fxg6 14. Ncxe4 Bxd4
15. O-O Qe5 16. Qd2 Bxb2 17. Rae1 Nb4 18. a3 Bxa3 19. Nh7 Qf4 20. Nef6+ Rxf6
21. Nxf6+ Qxf6 22. Re8+ Kf7 23. Rfe1 Bb2 24. Qh6 1-0

[Event "25. Copenhagen Open  (Politiken Cup)"]
[Site "Copenhagen"]
[Date "2003.07.17"]
[Round "4"]
[White "Nielsen, Thomas"]
[Black "Brondum, Eric"]
[Result "0-1"]
[WhiteElo "2028"]
[BlackElo "2198"]
[PlyCount "58"]
[EventDate "2003.07.14"]
[EventType "swiss"]
[EventRounds "11"]
[EventCountry "DEN"]
[SourceDate "2004.01.01"]

1. c4 e6 2. Nc3 Nf6 3. e4 d6 4. f4 Be7 5. e5 dxe5 6. fxe5 Nfd7 7. Nf3 c5 8. d4
cxd4 9. Qxd4 Nc6 10. Qe4 Qa5 11. Bf4 Bb4 12. Qe3 O-O 13. Rc1 Qxa2 14. Qd2 Qa5
15. Qe2 f6 16. exf6 Rxf6 17. Bd2 Nde5 18. Qe4 Nxf3+ 19. gxf3 Bd7 20. Bd3 Qh5
21. Kd1 Ne5 22. Be2 Bc6 23. Nd5 exd5 24. cxd5 Ba4+ 25. Ke1 Bxd2+ 26. Kxd2 Nxf3+
27. Bxf3 Qxf3 28. Qxa4 Qg2+ 29. Ke3 Rf3+ 0-1

[Event "25. Copenhagen Open  (Politiken Cup)"]
[Site "Copenhagen"]
[Date "2003.07.17"]
[Round "4"]
[White "Nordenbaek, Jan"]
[Black "Auchenberg, Per"]
[Result "0-1"]
[WhiteElo "2254"]
[BlackElo "2075"]
[PlyCount "80"]
[EventDate "2003.07.14"]
[EventType "swiss"]
[EventRounds "11"]
[EventCountry "DEN"]
[SourceDate "2004.01.01"]

1. d4 Nf6 2. Bg5 Ne4 3. Bf4 c5 4. f3 Qa5+ 5. c3 Nf6 6. d5 d6 7. e4 g6 8. Na3
Bg7 9. Nc4 Qd8 10. a4 O-O 11. Qd2 Nbd7 12. g4 Nb6 13. Bh6 Bd7 14. h4 Nxa4 15.
Bxg7 Kxg7 16. h5 b5 17. hxg6 fxg6 18. Qh6+ Kg8 19. g5 bxc4 20. gxf6 Rf7 21. e5
exf6 22. e6 Re7 23. Bxc4 Nxb2 24. Be2 Be8 25. Nh3 Rg7 26. Rg1 a5 27. Nf2 f5 28.
Qf4 a4 29. Kd2 a3 30. Rg2 Raa7 31. Nh3 Qb6 32. Ng5 Ra4 33. Qh2 Nc4+ 34. Bxc4
Rxc4 35. Rxa3 Qb2+ 36. Kd3 Qxa3 37. Kxc4 Qa6+ 38. Kb3 Qa4+ 39. Kb2 Rb7+ 40. Kc1
Qa3+ (40... Qa3+ 41. Kc2 (41. Rb2 Qa1+ 42. Rb1 Qxb1+ 43. Kd2 Rb2+ 44. Ke3 Qc1+
45. Kd3 Bb5+ 46. c4 Bxc4#) (41. Kd1 Rb1+ 42. Ke2 Qb2+ 43. Kd3 Bb5+ 44. c4 Bxc4+
45. Kxc4 (45. Ke3 Qd4#) 45... Qb3#) 41... Rb2+ 42. Kd3 Bb5+ 43. Ke3 Qxc3+ 44.
Kf4 Qe5#) 0-1

[Event "25. Copenhagen Open  (Politiken Cup)"]
[Site "Copenhagen"]
[Date "2003.07.17"]
[Round "4"]
[White "Nordfjord, Sverrir"]
[Black "Pedersen, Thomas"]
[Result "1/2-1/2"]
[WhiteElo "2057"]
[BlackElo "1671"]
[PlyCount "70"]
[EventDate "2003.07.14"]
[EventType "swiss"]
[EventRounds "11"]
[EventCountry "DEN"]
[SourceDate "2004.01.01"]

1. e4 c5 2. d4 cxd4 3. c3 dxc3 4. Nxc3 Nc6 5. Nf3 e6 6. Bc4 a6 7. a3 b5 8. Ba2
Bb7 9. O-O Be7 10. Qe2 d6 11. Rd1 Qc7 12. Bf4 Nf6 13. h3 O-O 14. Rac1 Rac8 15.
Nd5 exd5 16. exd5 Nh5 17. Be3 Nf6 18. dxc6 Bxc6 19. Nd4 Qd7 20. Nxc6 Rxc6 21.
Bd4 Rxc1 22. Rxc1 Ne8 23. Bb1 Bf6 24. Qd3 g6 25. Qc3 Bxd4 26. Qxd4 Ng7 27. Rd1
Rd8 28. Qb6 Qc8 29. Be4 Ne6 30. Bd5 Qc5 31. Qb7 Qc2 32. Re1 Qxb2 33. Re3 Qc1+
34. Kh2 Nc7 35. Rf3 Rf8 1/2-1/2

[Event "25. Copenhagen Open  (Politiken Cup)"]
[Site "Copenhagen"]
[Date "2003.07.17"]
[Round "4"]
[White "Norton, Craig"]
[Black "Andreasen, Jakup a Rogvi"]
[Result "1/2-1/2"]
[WhiteElo "2127"]
[BlackElo "1784"]
[PlyCount "32"]
[EventDate "2003.07.14"]
[EventType "swiss"]
[EventRounds "11"]
[EventCountry "DEN"]
[SourceDate "2004.01.01"]

1. d4 d5 2. Nf3 e6 3. Bf4 f5 4. e3 Nf6 5. Bd3 Be7 6. Nbd2 O-O 7. h3 Ne4 8. Qe2
Nd7 9. O-O-O c5 10. Bxe4 fxe4 11. Ne5 cxd4 12. Qg4 Nf6 13. Qg5 dxe3 14. fxe3 d4
15. Nb3 Nd5 16. Qg4 dxe3 1/2-1/2

[Event "25. Copenhagen Open  (Politiken Cup)"]
[Site "Copenhagen"]
[Date "2003.07.17"]
[Round "4"]
[White "Nyback, Tomi"]
[Black "Matthiesen, Martin"]
[Result "0-1"]
[WhiteElo "2483"]
[BlackElo "2260"]
[PlyCount "68"]
[EventDate "2003.07.14"]
[EventType "swiss"]
[EventRounds "11"]
[EventCountry "DEN"]
[SourceDate "2004.01.01"]

1. Nf3 Nf6 2. c4 g6 3. Nc3 Bg7 4. e4 d6 5. d4 O-O 6. Be2 e5 7. O-O Nc6 8. d5
Ne7 9. b4 Nh5 10. Re1 f5 11. Ng5 Nf6 12. Bf3 c6 13. Bb2 h6 14. Ne6 Bxe6 15.
dxe6 fxe4 16. Nxe4 Nxe4 17. Rxe4 d5 18. cxd5 cxd5 19. Rxe5 Bxe5 20. Bxe5 Qb6
21. Qd2 Qxe6 22. Re1 Rxf3 23. gxf3 Nf5 24. Bg3 Qf7 25. Rc1 d4 26. Rc7 Qd5 27.
Qd3 Re8 28. a4 h5 29. Kg2 Qe6 30. Rxb7 h4 31. Rxa7 h3+ 32. Kg1 Qe1+ 33. Qf1
Nxg3 34. fxg3 Qe3+ 0-1

[Event "25. Copenhagen Open  (Politiken Cup)"]
[Site "Copenhagen"]
[Date "2003.07.17"]
[Round "4"]
[White "Nyysti, Sampsa"]
[Black "Krasenkow, Michal"]
[Result "0-1"]
[WhiteElo "2399"]
[BlackElo "2585"]
[PlyCount "58"]
[EventDate "2003.07.14"]
[EventType "swiss"]
[EventRounds "11"]
[EventCountry "DEN"]
[SourceDate "2004.01.01"]

1. e4 g6 2. d4 Bg7 3. Nc3 d6 4. Be3 a6 5. f4 b5 6. Be2 b4 7. Nd5 a5 8. Bf2 Bb7
9. Bf3 e6 10. Ne3 Nf6 11. Bh4 Qc8 12. e5 Nfd7 13. Nh3 O-O 14. O-O Re8 15. Ng4
c5 16. c3 Bxf3 17. Rxf3 Nc6 18. Qd2 bxc3 19. bxc3 cxd4 20. cxd4 Qb7 21. Rb3 Qa7
22. Bf2 a4 23. Rb5 h5 24. d5 Qa6 25. dxc6 Qxc6 26. Nf6+ Bxf6 27. Rab1 dxe5 28.
fxe5 Nxe5 29. Qf4 Ng4 0-1

[Event "25. Copenhagen Open  (Politiken Cup)"]
[Site "Copenhagen"]
[Date "2003.07.17"]
[Round "4"]
[White "Olsen, Miriam Frida"]
[Black "Nielsen, Palle"]
[Result "1-0"]
[WhiteElo "2036"]
[BlackElo "1650"]
[PlyCount "97"]
[EventDate "2003.07.14"]
[EventType "swiss"]
[EventRounds "11"]
[EventCountry "DEN"]
[SourceDate "2004.01.01"]

1. e4 e5 2. Nf3 Nc6 3. Bb5 a6 4. Ba4 Nf6 5. O-O b5 6. Bb3 h6 7. Re1 d6 8. c3
Bb7 9. d3 Ne7 10. Nbd2 Ng6 11. Nf1 Be7 12. Ng3 Nh7 13. Nf5 Bf6 14. d4 O-O 15.
h3 Ng5 16. Nxg5 Bxg5 17. Qg4 Kh7 18. g3 Bxc1 19. Raxc1 Qf6 20. Rcd1 Rad8 21.
Ne3 Ne7 22. Bc2 g6 23. Qe2 Qe6 24. a4 bxa4 25. Qf1 f5 26. dxe5 fxe4 27. exd6
cxd6 28. Bxa4 d5 29. Nc2 Qb6 30. Nd4 Nf5 31. Qe2 Nxd4 32. Rxd4 Qf6 33. Rb4 Bc8
34. Kg2 Qf5 35. g4 Qg5 36. Qe3 Qe7 37. Bd1 Rd6 38. f3 Re6 39. fxe4 dxe4 40. Bb3
Ref6 41. Re2 Rf4 42. Bd5 Bxg4 43. Rb7 Bd7 44. Bc6 Qg5+ 45. Qg3 Qxg3+ 46. Kxg3
Rf3+ 47. Kg2 R3f7 48. Rxd7 Rxd7 49. Bxd7 1-0

[Event "25. Copenhagen Open  (Politiken Cup)"]
[Site "Copenhagen"]
[Date "2003.07.17"]
[Round "4"]
[White "Pedersen, Bent O"]
[Black "Eiholt, Bjarne"]
[Result "1-0"]
[WhiteElo "2058"]
[BlackElo "1690"]
[PlyCount "71"]
[EventDate "2003.07.14"]
[EventType "swiss"]
[EventRounds "11"]
[EventCountry "DEN"]
[SourceDate "2004.01.01"]

1. e4 c6 2. d4 d5 3. e5 Bf5 4. Nc3 e6 5. g4 Bg6 6. Nge2 h5 7. Nf4 Bh7 8. Nxh5
c5 9. h4 cxd4 10. Qxd4 Nc6 11. Bb5 Nge7 12. Bg5 Qa5 13. Bxe7 Bxe7 14. Bxc6+
bxc6 15. Nxg7+ Kf8 16. Nh5 Bxc2 17. Qd2 Bh7 18. Qh6+ Ke8 19. Nf6+ Bxf6 20. Qxf6
Rg8 21. Qf4 Rb8 22. O-O-O Rb4 23. Rd4 c5 24. Rxb4 cxb4 25. Rh3 bxc3 26. Rxc3
Qa6 27. Qd4 Qb7 28. f3 Kf8 29. Qf4 Rg7 30. h5 Qa6 31. b3 Qf1+ 32. Kb2 Qe2+ 33.
Ka1 Qf1+ 34. Rc1 Qa6 35. Qb4+ Ke8 36. Qb8+ 1-0

[Event "25. Copenhagen Open  (Politiken Cup)"]
[Site "Copenhagen"]
[Date "2003.07.17"]
[Round "4"]
[White "Pedersen, Rune Linnebo"]
[Black "Johnson, Bjrn"]
[Result "1/2-1/2"]
[WhiteElo "1800"]
[BlackElo "2256"]
[PlyCount "71"]
[EventDate "2003.07.14"]
[EventType "swiss"]
[EventRounds "11"]
[EventCountry "DEN"]
[SourceDate "2004.01.01"]

1. e4 g6 2. d4 Nf6 3. Nc3 d5 4. e5 Nh5 5. Be2 Ng7 6. Nf3 Bg4 7. O-O e6 8. Bg5
Be7 9. Bxe7 Qxe7 10. a3 Bxf3 11. Bxf3 O-O 12. b4 c6 13. Re1 Rd8 14. Na4 b6 15.
Rc1 h5 16. c3 Nf5 17. Re2 b5 18. Nc5 a5 19. Ra1 a4 20. g3 Kg7 21. Qd2 Rh8 22.
h4 g5 23. Qxg5+ Qxg5 24. hxg5 Kg6 25. Kg2 Na6 26. Nxa6 Rxa6 27. Rh1 Raa8 28. g4
hxg4 29. Bxg4 Rxh1 30. Kxh1 Kxg5 31. Bxf5 Kxf5 32. Re3 Rg8 33. Rf3+ Ke4 34.
Re3+ Kf4 35. Kh2 Rg4 36. Rh3 1/2-1/2

[Event "25. Copenhagen Open  (Politiken Cup)"]
[Site "Copenhagen"]
[Date "2003.07.17"]
[Round "4"]
[White "Petersen, Lars"]
[Black "Rasmussen, Peter Nybo"]
[Result "1/2-1/2"]
[WhiteElo "2047"]
[BlackElo "1692"]
[PlyCount "46"]
[EventDate "2003.07.14"]
[EventType "swiss"]
[EventRounds "11"]
[EventCountry "DEN"]
[SourceDate "2004.01.01"]

1. d4 Nf6 2. Nf3 d5 3. Bf4 e6 4. e3 c5 5. c3 Nc6 6. Nbd2 Bd6 7. Ne5 Qc7 8. Nd3
Bxf4 9. Nxf4 b6 10. Nh5 Nxh5 11. Qxh5 O-O 12. Bd3 g6 13. Qh6 e5 14. dxc5 e4 15.
Be2 bxc5 16. O-O Rb8 17. Rab1 c4 18. f3 exf3 19. gxf3 Ne7 20. e4 Qc5+ 21. Kh1
Be6 22. exd5 Bxd5 23. Qf4 Rbc8 1/2-1/2

[Event "25. Copenhagen Open  (Politiken Cup)"]
[Site "Copenhagen"]
[Date "2003.07.17"]
[Round "4"]
[White "Petersen, Nils"]
[Black "Frank Nielsen, Marie"]
[Result "1/2-1/2"]
[WhiteElo "2009"]
[BlackElo "1629"]
[PlyCount "34"]
[EventDate "2003.07.14"]
[EventType "swiss"]
[EventRounds "11"]
[EventCountry "DEN"]
[SourceDate "2004.01.01"]

1. c4 b6 2. e4 e5 3. Nf3 Nc6 4. d4 exd4 5. Nxd4 Bb7 6. Nxc6 Bxc6 7. Bd3 Bb4+ 8.
Bd2 Bxd2+ 9. Nxd2 Qg5 10. O-O h5 11. Nf3 Qh6 12. Qd2 f6 13. Qxh6 Nxh6 14. Nd4
Nf7 15. Nxc6 dxc6 16. Rae1 Ne5 17. Be2 c5 1/2-1/2

[Event "25. Copenhagen Open  (Politiken Cup)"]
[Site "Copenhagen"]
[Date "2003.07.17"]
[Round "4"]
[White "Petersen, Peter Birk"]
[Black "Hagesaether, Arne"]
[Result "1/2-1/2"]
[WhiteElo "2221"]
[BlackElo "2088"]
[PlyCount "63"]
[EventDate "2003.07.14"]
[EventType "swiss"]
[EventRounds "11"]
[EventCountry "DEN"]
[SourceDate "2004.01.01"]

1. e4 c5 2. Nc3 d6 3. f4 Nc6 4. Nf3 e6 5. Be2 Be7 6. O-O a6 7. Kh1 Qc7 8. d4
cxd4 9. Nxd4 Nxd4 10. Qxd4 Bf6 11. Qd3 Bd7 12. Be3 Rd8 13. a4 Ne7 14. a5 Nc8
15. Ra3 Bc6 16. b4 O-O 17. Na4 Bxa4 18. Rxa4 Qc3 19. Rd1 g6 20. Bf3 Rd7 21.
Qxc3 Bxc3 22. Rd3 Rc7 23. e5 Rd8 24. Bb6 Nxb6 25. axb6 Rc4 26. Bxb7 Rxf4 27. g3
Rxb4 28. Rxb4 Bxb4 29. Bxa6 f5 30. Rb3 Bc5 31. b7 Ba7 32. Kg2 1/2-1/2

[Event "25. Copenhagen Open  (Politiken Cup)"]
[Site "Copenhagen"]
[Date "2003.07.17"]
[Round "4"]
[White "Rasmussen, Henning"]
[Black "Nielsen, Jrgen Kamp"]
[Result "1-0"]
[WhiteElo "1816"]
[BlackElo "1170"]
[PlyCount "75"]
[EventDate "2003.07.14"]
[EventType "swiss"]
[EventRounds "11"]
[EventCountry "DEN"]
[SourceDate "2004.01.01"]

1. d4 Nf6 2. c4 g6 3. Nc3 Bg7 4. e4 d6 5. Nf3 O-O 6. Be2 e5 7. dxe5 dxe5 8.
Qxd8 Rxd8 9. Bg5 Re8 10. Nd5 Nxd5 11. cxd5 c6 12. dxc6 Nxc6 13. Bb5 a6 14. Bxc6
bxc6 15. O-O-O Be6 16. a3 Bb3 17. Rd3 Rab8 18. Nd2 Be6 19. Rd6 f6 20. Be3 Rbc8
21. Rd1 Bf8 22. Rd3 c5 23. Rc3 c4 24. Kb1 Rc6 25. Rdc1 Rec8 26. Nb3 Bxa3 27.
Na5 Bb4 28. Nxc6 Rxc6 29. R3c2 a5 30. Bd2 Bxd2 31. Rxd2 Rc8 32. Rcd1 Kg7 33.
Rd6 Kf7 34. Kc2 Ra8 35. Rb6 a4 36. Rdd6 Re8 37. Kc3 Ke7 38. Rxe6+ 1-0

[Event "25. Copenhagen Open  (Politiken Cup)"]
[Site "Copenhagen"]
[Date "2003.07.17"]
[Round "4"]
[White "Rasmussen, Jens"]
[Black "Hagesaether, Torill"]
[Result "1-0"]
[WhiteElo "1638"]
[BlackElo "2051"]
[PlyCount "119"]
[EventDate "2003.07.14"]
[EventType "swiss"]
[EventRounds "11"]
[EventCountry "DEN"]
[SourceDate "2004.01.01"]

1. d4 d5 2. Nf3 Nf6 3. e3 Bg4 4. Nbd2 Nbd7 5. Be2 e6 6. b3 c5 7. Bb2 Qc7 8. h3
Bh5 9. Rc1 Be7 10. c4 O-O 11. O-O Rac8 12. Ne5 Bxe2 13. Qxe2 Qa5 14. Bc3 Qb6
15. f4 cxd4 16. Nxd7 Nxd7 17. exd4 Nf6 18. c5 Qc7 19. g4 g6 20. b4 Bd8 21. Qe3
Re8 22. Rce1 Kg7 23. Re2 Qe7 24. Qf3 Bc7 25. Qe3 Qd7 26. Nf3 Ne4 27. Be1 Qb5
28. Ne5 f6 29. Qd3 Qa4 30. Nc4 Nxc5 31. dxc5 dxc4 32. Qxc4 Qc6 33. b5 Qd5 34.
Qc3 b6 35. Rd2 Qxc5+ 36. Qxc5 bxc5 37. Rd7+ Kg8 38. Bc3 Rf8 39. g5 Rf7 40. Rfd1
e5 41. gxf6 Rxf6 42. Rxc7 Rxc7 43. Bxe5 Rcf7 44. Rd8+ Kg7 45. Bxf6+ Rxf6 46.
Rc8 Rxf4 47. Rc7+ Kh6 48. Rxa7 Rb4 49. a4 c4 50. Kf2 Kg5 51. Ke3 Rb3+ 52. Kd4
c3 53. Kd3 c2+ 54. Kxc2 Rxh3 55. b6 Rh4 56. Ra5+ Kf6 57. b7 Rb4 58. Rb5 Rxa4
59. b8=Q Re4 60. Qh8+ 1-0

[Event "25. Copenhagen Open  (Politiken Cup)"]
[Site "Copenhagen"]
[Date "2003.07.17"]
[Round "4"]
[White "Remman, Frank"]
[Black "Skovgaard, Peter Nicolai"]
[Result "0-1"]
[WhiteElo "1548"]
[BlackElo "2038"]
[PlyCount "114"]
[EventDate "2003.07.14"]
[EventType "swiss"]
[EventRounds "11"]
[EventCountry "DEN"]
[SourceDate "2004.01.01"]

1. d4 d5 2. c4 e6 3. Nf3 Nf6 4. Nc3 c6 5. g3 Nbd7 6. Bg2 Bd6 7. O-O O-O 8. b3
dxc4 9. bxc4 e5 10. e3 Bb4 11. Qb3 Qa5 12. Bd2 exd4 13. exd4 Nb6 14. Ne5 Na4
15. Nxa4 Bxd2 16. Rfd1 Ng4 17. Nf3 Bb4 18. h3 Nf6 19. Ne5 Bf5 20. g4 Be6 21.
Bxc6 bxc6 22. Nxc6 Qc7 23. Nxb4 Rab8 24. Na6 Rxb3 25. Nxc7 Rxh3 26. g5 Ne4 27.
Kg2 Ra3 28. Nb2 Bh3+ 29. Kg1 Nxg5 30. Nb5 Ra6 31. Rd3 Rg6 32. Kh2 Bf5 33. Rg3
Rh6+ 34. Kg1 Be4 35. f3 Nxf3+ 36. Kf2 Rh2+ 37. Ke3 Bc6 38. Nxa7 Re8+ 39. Kd3
Rd2+ 40. Kc3 Re3+ 41. Kb4 Rxb2+ 42. Kc5 Bd7 43. a4 h5 44. a5 h4 45. Rxf3 Rxf3
46. Nb5 Bxb5 47. cxb5 Rf5+ 48. d5 Rc2+ 49. Kb6 Rxd5 50. Ka6 Rb2 51. b6 Rd7 52.
Rc1 Ra2 53. Rb1 Rd5 54. b7 Rdxa5+ 55. Kb6 Ra8 56. bxa8=Q+ Rxa8 57. Kc6 Rd8 0-1

[Event "25. Copenhagen Open  (Politiken Cup)"]
[Site "Copenhagen"]
[Date "2003.07.17"]
[Round "4"]
[White "Richards, Heather"]
[Black "Hansen, Rene Rauer"]
[Result "1-0"]
[WhiteElo "2233"]
[BlackElo "2055"]
[PlyCount "63"]
[EventDate "2003.07.14"]
[EventType "swiss"]
[EventRounds "11"]
[EventCountry "DEN"]
[SourceDate "2004.01.01"]

1. e4 e6 2. d4 d5 3. Nc3 dxe4 4. Nxe4 Bd7 5. Nf3 Bc6 6. Bd3 Bxe4 7. Bxe4 c6 8.
c3 Nf6 9. Bc2 g6 10. Bg5 Bg7 11. Qd2 Nbd7 12. O-O-O O-O 13. h4 Qa5 14. h5 Nb6
15. hxg6 fxg6 16. Bb3 Rae8 17. Bh6 Rf7 18. Ng5 Rfe7 19. Bxg7 Kxg7 20. Rde1 Nbd5
21. Rh3 Qc7 22. Re5 Qd6 23. Bc2 Kg8 24. c4 Nc7 25. Qf4 Rf8 26. Qh4 Nh5 27. Nxh7
Rf4 28. Qg5 Rxh7 29. Qxg6+ Rg7 30. Qxh5 Rxf2 31. Qh8+ Kf7 32. Bg6+ 1-0

[Event "25. Copenhagen Open  (Politiken Cup)"]
[Site "Copenhagen"]
[Date "2003.07.17"]
[Round "4"]
[White "Rohrmueller, Ulrich"]
[Black "Laursen, Niels Norskov"]
[Result "1-0"]
[WhiteElo "2268"]
[BlackElo "2109"]
[PlyCount "73"]
[EventDate "2003.07.14"]
[EventType "swiss"]
[EventRounds "11"]
[EventCountry "DEN"]
[SourceDate "2004.01.01"]

1. e4 c5 2. Nf3 e6 3. d4 cxd4 4. Nxd4 a6 5. Nc3 Qc7 6. Bd3 Bc5 7. Be3 Nf6 8.
O-O d6 9. Qe2 O-O 10. Kh1 b5 11. Nb3 Bxe3 12. Qxe3 Bb7 13. a3 e5 14. Rad1 Nbd7
15. Rfe1 Nc5 16. Nd2 Rfe8 17. Nf1 Rad8 18. Ng3 d5 19. exd5 Nxd5 20. Nxd5 Bxd5
21. Bf1 Na4 22. b3 Nc3 23. Rd3 Rc8 24. Nf5 f6 25. Qg3 g6 26. Kg1 e4 27. Qxc7
Rxc7 28. Ree3 gxf5 29. Rxc3 Rec8 30. Rxc7 Rxc7 31. c4 bxc4 32. bxc4 Be6 33. Rb3
Kf7 34. f3 Ke7 35. Kf2 Kd6 36. Rb6+ Ke5 37. f4+ 1-0

[Event "25. Copenhagen Open  (Politiken Cup)"]
[Site "Copenhagen"]
[Date "2003.07.17"]
[Round "4"]
[White "Rossen, Claus"]
[Black "Preuss, Flemming"]
[Result "1-0"]
[WhiteElo "2202"]
[BlackElo "2083"]
[PlyCount "57"]
[EventDate "2003.07.14"]
[EventType "swiss"]
[EventRounds "11"]
[EventCountry "DEN"]
[SourceDate "2004.01.01"]

1. d4 f5 2. c4 Nf6 3. Nc3 g6 4. h4 d6 5. h5 Nxh5 6. e4 Nf6 7. Bd3 e6 8. Bg5 Be7
9. exf5 exf5 10. Qe2 O-O 11. O-O-O Nc6 12. Bb1 Re8 13. Nh3 Bd7 14. Qf3 Bf8 15.
Nf4 Bg7 16. Qh3 Re7 17. Qh4 Rf7 18. Ncd5 Na5 19. Rde1 c6 20. Nxf6+ Bxf6 21.
Bxf6 Qxf6 22. Qxf6 Rxf6 23. Re7 Be8 24. Rexh7 Kf8 25. Bd3 d5 26. cxd5 cxd5 27.
Rh8+ Ke7 28. Nxd5+ Ke6 29. Nc7+ 1-0

[Event "25. Copenhagen Open  (Politiken Cup)"]
[Site "Copenhagen"]
[Date "2003.07.17"]
[Round "4"]
[White "Roder, Peter"]
[Black "Christensen, Tobias"]
[Result "1/2-1/2"]
[WhiteElo "2170"]
[BlackElo "2371"]
[PlyCount "33"]
[EventDate "2003.07.14"]
[EventType "swiss"]
[EventRounds "11"]
[EventCountry "DEN"]
[SourceDate "2004.01.01"]

1. d4 Nc6 2. c4 e5 3. d5 Nce7 4. e4 Ng6 5. Be3 Be7 6. Qd2 d6 7. Nc3 h6 8. g3
Nf6 9. f3 Nh5 10. O-O-O Bg5 11. Kb1 a6 12. Nh3 Bxe3 13. Qxe3 f5 14. exf5 Bxf5+
15. Ka1 Bd7 16. Bg2 O-O 17. Nf2 1/2-1/2

[Event "25. Copenhagen Open  (Politiken Cup)"]
[Site "Copenhagen"]
[Date "2003.07.17"]
[Round "4"]
[White "Rorvik, Jon F"]
[Black "Christensen, Henrik"]
[Result "1-0"]
[WhiteElo "2162"]
[BlackElo "1802"]
[PlyCount "99"]
[EventDate "2003.07.14"]
[EventType "swiss"]
[EventRounds "11"]
[EventCountry "DEN"]
[SourceDate "2004.01.01"]

1. c4 Nf6 2. Nc3 c6 3. e4 d6 4. g3 e5 5. Bg2 Be6 6. d3 h6 7. Nge2 Nbd7 8. O-O
Be7 9. h3 d5 10. cxd5 cxd5 11. exd5 Bf5 12. d4 e4 13. g4 Bg6 14. Ng3 Bd6 15.
Ngxe4 Bxe4 16. Nxe4 Nxe4 17. Bxe4 O-O 18. Be3 Qh4 19. Qf3 Rad8 20. Kg2 g6 21.
Bf4 Bxf4 22. Qxf4 f5 23. Bf3 fxg4 24. Qxg4 Qxg4+ 25. hxg4 Nf6 26. Rad1 Nxd5 27.
Rfe1 Nf4+ 28. Kg3 Rd7 29. d5 g5 30. d6 Kf7 31. Re3 Rc8 32. Rd2 Rc1 33. Bxb7 Rc5
34. Be4 Ra5 35. Bc6 Rd8 36. Re7+ Kf6 37. Rh7 Rxa2 38. Rxh6+ Kg7 39. Rh1 Ra6 40.
Be4 Rdxd6 41. Rxd6 Rxd6 42. Rh7+ Kf6 43. Rxa7 Rb6 44. Rb7 Rd6 45. Rb5 Ne6 46.
Rf5+ Ke7 47. Bd5 Nf4 48. Bc4 Rg6 49. b3 Ne6 50. Re5 1-0

[Event "25. Copenhagen Open  (Politiken Cup)"]
[Site "Copenhagen"]
[Date "2003.07.17"]
[Round "4"]
[White "Sakaev, Konstantin"]
[Black "Rasmussen, Karsten"]
[Result "1-0"]
[WhiteElo "2655"]
[BlackElo "2437"]
[PlyCount "75"]
[EventDate "2003.07.14"]
[EventType "swiss"]
[EventRounds "11"]
[EventCountry "DEN"]
[SourceDate "2004.01.01"]

1. d4 d5 2. c4 c6 3. Nf3 Nf6 4. Nc3 e6 5. Bg5 h6 6. Bh4 dxc4 7. e4 g5 8. Bg3 b5
9. Be2 Bb7 10. h4 g4 11. Ne5 Rg8 12. Nxg4 Nbd7 13. O-O b4 14. Na4 Nxe4 15. Bxc4
Qa5 16. Rc1 O-O-O 17. Bh2 Qf5 18. f3 Nef6 19. Ne3 Qa5 20. Qb3 h5 21. Be2 Bh6
22. Nc4 Qd5 23. Nd6+ Kb8 24. Nxf7+ Ka8 25. Nxh6 Qxd4+ 26. Kh1 Rg6 27. Nf7 Rdg8
28. Rc4 Qd2 29. Qd3 Qxd3 30. Bxd3 Rxg2 31. Rc2 Rxc2 32. Bxc2 c5 33. Ng5 Nd5 34.
Be4 Re8 35. Rc1 Rc8 36. Nxe6 c4 37. Bxd5 Bxd5 38. Nc7+ 1-0

[Event "25. Copenhagen Open  (Politiken Cup)"]
[Site "Copenhagen"]
[Date "2003.07.17"]
[Round "4"]
[White "Salomonsen, Rune"]
[Black "Sander, Rolf"]
[Result "0-1"]
[WhiteElo "1691"]
[BlackElo "2060"]
[PlyCount "36"]
[EventDate "2003.07.14"]
[EventType "swiss"]
[EventRounds "11"]
[EventCountry "DEN"]
[SourceDate "2004.01.01"]

1. e4 d5 2. exd5 Qxd5 3. d4 Nc6 4. Nf3 Bg4 5. Be2 O-O-O 6. Be3 Nf6 7. O-O Qh5
8. c4 e5 9. Nc3 exd4 10. Bxd4 Nxd4 11. Nxd4 Bc5 12. Bxg4+ Nxg4 13. h3 Rxd4 14.
hxg4 Qxg4 15. Qc2 f5 16. Rae1 Rhd8 17. b4 Bxb4 18. Re3 Rxc4 0-1